书目信息 |
| 题名: |
工程经济学
|
|
| 作者: | 高瑞忠 , 陈运春 主编 | |
| 分册: | ||
| 出版信息: | 郑州 黄河水利出版社 2018.06 |
|
| 页数: | 226页 | |
| 开本: | 26cm | |
| 丛书名: | ||
| 单 册: | ||
| 中图分类: | F062.4 | |
| 科图分类: | ||
| 主题词: | 工程经济学--gong cheng jing ji xue--高等学校--教材 | |
| 电子资源: | ||
| ISBN: | 978-7-5509-2063-7 | |
| 000 | 01013nam0 2200277 450 | |
| 001 | 0100010325 | |
| 005 | 20190905093951.0 | |
| 010 | @a978-7-5509-2063-7@dCNY29.00 | |
| 100 | @a20190901d2018 em y0chiy50 ea | |
| 101 | 0 | @achi |
| 102 | @aCN@b410000 | |
| 105 | @aak a 000yy | |
| 106 | @ar | |
| 200 | 1 | @a工程经济学@Agong cheng jing ji xue@f主编高瑞忠, 陈运春 |
| 205 | @a第2版 | |
| 210 | @a郑州@c黄河水利出版社@d2018.06 | |
| 215 | @a226页@c图@d26cm | |
| 320 | @a有书目 (第226页) | |
| 330 | @a本书系统地阐述了工程经济分析的原理和方法。主要内容包括: 资金的时间价值与等值计算, 工程项目经济效果评价指标与方法, 工程项目的财务评价, 工程项目的国民经济评价, 工程项目经济评价的不确定性分析, 设备更新的工程经济分析等。 | |
| 333 | @a普通高等学校“十三五”规划教材 | |
| 606 | 0 | @a工程经济学@Agong cheng jing ji xue@x高等学校@j教材 |
| 690 | @aF062.4@v5 | |
| 701 | 0 | @a高瑞忠@Agao rui zhong@4主编 |
| 701 | 0 | @a陈运春@Achen yun chun@4主编 |
| 801 | 0 | @aCN@c20190905 |
| 905 | @a河南城建学院图书馆@dF062.4@eG169 | |
| 工程经济学/主编高瑞忠, 陈运春.-第2版.-郑州:黄河水利出版社,2018.06 |
| 226页:图;26cm |
| 使用对象:普通高等学校“十三五”规划教材 |
| ISBN 978-7-5509-2063-7:CNY29.00 |
| 本书系统地阐述了工程经济分析的原理和方法。主要内容包括: 资金的时间价值与等值计算, 工程项目经济效果评价指标与方法, 工程项目的财务评价, 工程项目的国民经济评价, 工程项目经济评价的不确定性分析, 设备更新的工程经济分析等。 |
| ● |
| 相关链接 |
|
|
|
正题名:工程经济学
索取号:F062.4/G169
 
预约/预借
| 序号 | 登录号 | 条形码 | 馆藏地/架位号 | 状态 | 备注 |
| 1 | 1437958 | 214379581 | 社科库409/409社科库 65排1列1层/ [索取号:F062.4/G169] | 在馆 | |
| 2 | 1437959 | 214379590 | 社科库409/409社科库 65排1列1层/ [索取号:F062.4/G169] | 在馆 |